| 000 | 00791cad a22002055a 4500 | ||
|---|---|---|---|
| 001 | E150620 | ||
| 008 | 100804s2010 xxk 000 0 eng u | ||
| 035 | _a(Sirsi) u150620 | ||
| 041 | 0 | _aeng | |
| 100 | 1 | _aRushton, Trevor | |
| 245 | 0 | 0 |
_aOpening Pandora's box? _h[electronic resource] |
| 260 | _c2010 | ||
| 490 | 4 |
_aThe Journal _bRICS Building Surveying Journal _vJuly/August 2010, 26-29(3) |
|
| 520 | _aDiscusses the use of nanotechnology in built environment materials and looks at how this technology might develop in the future. | ||
| 590 | _aKA | ||
| 651 | 4 |
_aUnited Kingdom _y |
|
| 690 | _aBUILT ENVIRONMENT-BUILDING MATERIALS | ||
| 856 | 4 | 1 |
_uhttps://www.rics.org/site/scripts/documents_info.aspx?documentID=143 _zView this item (member-only access) at www.rics.org |
| 942 | _n0 | ||
| 999 |
_c82576 _d82576 |
||